| 000 | 00427pab a2200145 454500 | ||
|---|---|---|---|
| 008 | 180718b1987 xxu||||| |||| 00| 0 eng d | ||
| 100 | _aRoy, Somnath | ||
| 245 | _aStrengthening management training for primary health care in India | ||
| 260 | _c1987 | ||
| 300 | _a142-53 | ||
| 362 | _aJul.-Sept. | ||
| 650 | _aTraining - Health Services - India | ||
| 773 | _aHealth and Population - Perspectives and Issues | ||
| 909 | _a19884 | ||
| 999 |
_c19884 _d19884 |
||